<?xml version="1.0" encoding="UTF-8"?>
<record
    xmlns:xsi="http://www.w3.org/2001/XMLSchema-instance"
    xsi:schemaLocation="http://www.loc.gov/MARC21/slim http://www.loc.gov/standards/marcxml/schema/MARC21slim.xsd"
    xmlns="http://www.loc.gov/MARC21/slim">

  <leader>01351nam a2200265Ia 4500</leader>
  <controlfield tag="001">IA_When analyzing the data of the calibration curve in SAS, using the method of least squares (linear regression), was obtained a R2 = 0.9506, which explains how the dependent variable is a function of the independent variable. On the other hand it is important to mention that you use the formaldehyde is not allowed as a conservative because of their negative effects on human health, that is why only recommends its use for samples you want to preserve and analyze in the laboratory.</controlfield>
  <controlfield tag="002">MANUAL PARA LA DETERMINACION DE FORMALDEHiDO EN LE</controlfield>
  <controlfield tag="008">220117s    xx            000 0 und d</controlfield>
  <datafield tag="010" ind1=" " ind2=" ">
    <subfield code="a">184732</subfield>
  </datafield>
  <datafield tag="530" ind1=" " ind2=" ">
    <subfield code="a">Disponible en PDF</subfield>
  </datafield>
  <datafield tag="583" ind1=" " ind2=" ">
    <subfield code="a">1 ej. imp ; 2 ej. CD</subfield>
  </datafield>
  <datafield tag="650" ind1=" " ind2=" ">
    <subfield code="a">Dairy products  </subfield>
    <subfield code="9">147027</subfield>
  </datafield>
  <datafield tag="650" ind1=" " ind2=" ">
    <subfield code="a">Evaluaci&#xF3;n sensorial de los alimentos  </subfield>
    <subfield code="9">147007</subfield>
  </datafield>
  <datafield tag="650" ind1=" " ind2=" ">
    <subfield code="a">Formaldeh&#xED;do  </subfield>
    <subfield code="9">42395</subfield>
  </datafield>
  <datafield tag="650" ind1=" " ind2=" ">
    <subfield code="a">Formaldehyde  </subfield>
    <subfield code="9">157687</subfield>
  </datafield>
  <datafield tag="650" ind1=" " ind2=" ">
    <subfield code="a">Leche  </subfield>
    <subfield code="9">65357</subfield>
  </datafield>
  <datafield tag="650" ind1=" " ind2=" ">
    <subfield code="a">Milk  </subfield>
    <subfield code="9">147069</subfield>
  </datafield>
  <datafield tag="650" ind1=" " ind2=" ">
    <subfield code="a">Productos l&#xE1;cteos  </subfield>
    <subfield code="9">92124</subfield>
  </datafield>
  <datafield tag="650" ind1=" " ind2=" ">
    <subfield code="a">Sensory evaluation</subfield>
    <subfield code="9">147012</subfield>
  </datafield>
  <datafield tag="700" ind1=" " ind2=" ">
    <subfield code="a">Hen&#xE1;ndez Montes, Arturo, asesor </subfield>
    <subfield code="9">163725</subfield>
  </datafield>
  <datafield tag="700" ind1="1" ind2=" ">
    <subfield code="a">Santos Moreno, Armando</subfield>
    <subfield code="9">147701</subfield>
  </datafield>
  <datafield tag="700" ind1=" " ind2=" ">
    <subfield code="a">Villegas de Gante, Abraham Z., asesor</subfield>
    <subfield code="9">163675</subfield>
  </datafield>
  <datafield tag="942" ind1=" " ind2=" ">
    <subfield code="c">TESIS G37 2013</subfield>
  </datafield>
  <datafield tag="999" ind1=" " ind2=" ">
    <subfield code="c">184732</subfield>
    <subfield code="d">184732</subfield>
  </datafield>
</record>
